000 00764nam a2200253 i 4500
001 172694
003 ES-MaACL
005 20250710062736.0
007 t|
008 090825s1994 fr ||||1| fre d
020 _a2-13-046050-X
080 _a811.133.1'35
100 1 _aCatach, Nina.
_937002
245 1 3 _aLa ponctuation
_b: (histoire et système) /
_cNina Catach.
250 _a1re éd.
260 _aParis :
_bPresses Universitaires de France,
_c1994.
300 _a128 p. ;
_c18 cm.
490 1 _aQue sais-je ? ;
_v2818
500 _aÍndice.
650 0 4 _aLengua francesa-
_xPuntuación.
_914230
830 0 0 _aQue sais-je?
_v2818
_9180931
852 1 _aBA
_jE-12971
_9R.139171
_z. - Biblioteca Jacinto Martínez Lacalle
999 _c172694
_d172694